Mensajes al más allá /
Bewaard in:
| Hoofdauteur: | |
|---|---|
| Formaat: | Onbekend |
| Taal: | Spanish |
| Gepubliceerd in: |
San José, Costa Rica :
EDUCA,
1984.
|
| Editie: | 1. edición |
| Reeks: | Colección Letras de Nicaragua
número 29 |
| Onderwerpen: | |
| Tags: |
Voeg label toe
Geen labels, Wees de eerste die dit record labelt!
|
MARC
| LEADER | 000000000a22000000004500 | ||
|---|---|---|---|
| 001 | 000513 | ||
| 008 | 150827s1989 nq | |||| 000 1 spa d | ||
| 020 | |a 9977301093 | ||
| 040 | |a CIICLA | ||
| 041 | |a spa | ||
| 082 | |a CR863.4 |b P924m 1988 | ||
| 100 | 1 | |a Prego, Irma |d 1943-2000 | |
| 245 | 1 | 0 | |a Mensajes al más allá / |c Irma Prego |
| 250 | |a 1. edición | ||
| 260 | |a San José, Costa Rica : |b EDUCA, |c 1984. | ||
| 300 | |a 181 páginas | ||
| 490 | 1 | |a Colección Letras de Nicaragua |v número 29 | |
| 650 | 1 | 4 | |a LITERATURA NICARAGUENSE |v CUENTOS |
| 942 | |2 ddc |c BK | ||
| 999 | |c 1306 |d 1306 | ||



